Ecuador: cultura y generaciones /

Opis bibliograficzny
1. autor: Valdano Morejón, Juan. 1939-2021 (autor)
Format: Różne nośniki
Język:Spanish
Wydane: Quito: Planeta, 1985.
Wydanie:Segunda edición /
Seria:Pais de la Mitad, numero 1
Hasła przedmiotowe:

MARC

LEADER 00000cac a2200000 i 4500
003 Ucuenca
005 20231121062628.0
006 a||||gr|||| 00| 0
007 ta
008 986042s1985 ec aaaagr|||| 00||||spa|a
040 |b spa  |a UCuenca-cdrjbv  |c UCuenca  |e rda 
041 0 |a spa 
082 0 |2 21  |a 306  |c 62768 
100 1 |a Valdano Morejón, Juan.  |d 1939-2021  |e autor  |9 30680 
245 1 0 |a Ecuador:   |b cultura y generaciones /   |c Juan Valdano. 
250 |a Segunda edición /   |b ampliada 
264 1 |a Quito:   |b Planeta,   |c 1985. 
300 |a 338 páginas:   |c 18 cm 
336 |2 rdacontent  |a texto  |b txt 
337 |2 rdamedia  |a no mediado  |b n 
338 |2 rdacarrier  |a volumen  |b nc 
490 0 |a Pais de la Mitad,   |v numero 1 
504 |a incl. ref. 
650 1 7 |2 UCuenca-cdrjbv  |a Cultura  |9 146 
650 1 7 |2 UCuenca-cdrjbv  |a Grupos sociales  |9 4929 
650 1 0 |a Antropología cultural  |9 396 
650 1 7 |2 UCuenca-cdrjbv  |a Identidad cultural  |9 364 
650 1 7 |2 UCuenca-cdrjbv  |a Interculturalidad  |9 39642 
852 |a UC-CDJBV 
942 |2 ddc  |c CR  |r pablo.criollo@ucuenca.edu.ec 
999 |c 30012  |d 30012